Statistics for Taylor Swift 88

Click here to take the quiz!

General Stats

  • This quiz has been taken 17 times
    (11 since last reset)
  • The average score is 217 of 307

Answer Stats

Answer% Correct
be
100%
I
100%
me
100%
the
100%
all
83%
and
83%
been
83%
bus
83%
by
83%
day
83%
for
83%
gonna
83%
have
83%
her
83%
I'm
83%
in
83%
it
83%
it's
83%
my
83%
night
83%
no
83%
of
83%
take
83%
this
83%
though
83%
thought
83%
to
83%
up
83%
we
83%
were
83%
with
83%
would
83%
yes
83%
you
83%
your
83%
are
67%
ask
67%
at
67%
baby
67%
but
67%
came
67%
could've
67%
didn't
67%
different
67%
don't
67%
dream
67%
everything
67%
good
67%
guess
67%
had
67%
home
67%
if
67%
know
67%
made
67%
making
67%
meet
67%
never
67%
now
67%
on
67%
one
67%
over
67%
really
67%
saying
67%
should've
67%
so
67%
some
67%
something
67%
thing
67%
think
67%
time
67%
true
67%
well
67%
wishes
67%
woman
67%
would've
67%
you're
67%
alone
50%
alright
50%
another
50%
bleed
50%
chosen
50%
cool
50%
count
50%
defense
50%
digging
50%
doing
50%
enough
50%
family
50%
fun
50%
greatest
50%
grow
50%
instead
50%
internet
50%
leaving
50%
loves
50%
new
50%
none
50%
numbers
50%
ooh
50%
own
50%
pennies
50%
persist
50%
pool
50%
resist
50%
roaring
50%
saw
50%
shit
50%
stop
50%
sweet
50%
temptation
50%
today
50%
tossing
50%
waking
50%
wanted
50%
20s
33%
adventures
33%
each
33%
films
33%
flowing
33%
grave
33%
ground
33%
having
33%
hit
33%
matinee
33%
painted
33%
rose
33%
running
33%
showed
33%
Sunday
33%

Score Distribution

Percentile by Number Answered

Percent of People with Each Score

Your Score History

You have not taken this quiz since the last reset